<?xml version="1.0" encoding="UTF-8"?>
<collection xmlns="http://www.loc.gov/MARC21/slim">
 <record>
  <leader>     na                 </leader>
  <controlfield tag="001">INLIS000000000004376</controlfield>
  <controlfield tag="005">20221102100921</controlfield>
  <datafield tag="035" ind1=" " ind2=" ">
   <subfield code="a">0010-0520004376</subfield>
  </datafield>
  <controlfield tag="008">221102                |          | eng  </controlfield>
  <datafield tag="020" ind1=" " ind2=" ">
   <subfield code="a">0-379-21515-2</subfield>
  </datafield>
  <datafield tag="041" ind1=" " ind2=" ">
   <subfield code="a">eng</subfield>
  </datafield>
  <datafield tag="082" ind1=" " ind2=" ">
   <subfield code="a">343.099</subfield>
  </datafield>
  <datafield tag="084" ind1=" " ind2=" ">
   <subfield code="a">343.099 ECO</subfield>
  </datafield>
  <datafield tag="100" ind1="0" ind2=" ">
   <subfield code="a">E Commerce and The Law of Digital Signatures</subfield>
  </datafield>
  <datafield tag="245" ind1="1" ind2=" ">
   <subfield code="a">E-Commerce and The Law of Digital Signatures /</subfield>
   <subfield code="c">Edited by Dennis Campbell</subfield>
  </datafield>
  <datafield tag="260" ind1=" " ind2=" ">
   <subfield code="a">New York :</subfield>
   <subfield code="b">Cambridge University Press,</subfield>
   <subfield code="c">2005</subfield>
  </datafield>
  <datafield tag="300" ind1=" " ind2=" ">
   <subfield code="a">xxxvi, 916 p. ; 26,5 cm ;</subfield>
   <subfield code="c">26,5 cm</subfield>
  </datafield>
  <datafield tag="500" ind1=" " ind2=" ">
   <subfield code="a">Indeks : Indeks</subfield>
  </datafield>
  <datafield tag="520" ind1=" " ind2=" ">
   <subfield code="a">In the past six years, more than 55 countries have begun adopting UNCITRAL's (United National Commission on International Trade Law) Model Laws of 1999 and 2001 regarding the use and validity of e-signatures. Dozens of pieces of legislation and legislative proposals now exist around the worldon the subject of e-signatures. While the model laws may look the same on paper, in practice they can vary widely. Finally, you can be certain that your clients are in compliance when using digital signatures. The Center for International Legal Studies, in cooperation with UNCITRAL, has gathered experts in over 25 jurisdictions to analyze the impact of these standards in their respective domestic e-commerce regimes. These experts show how the Model Laws are actually implemented today in each of thesecountries. Now you can have on-the-ground feedback about how UNCITRAL's Uniform Rules on Electronic Signatures, the Model Law on Electronic Commerce 1996, and the Model Law on Electronic Signatures 2001 are being implemented. A must have reference for: Any lawyer working on a business transaction or contract using the Internet to exchange forms Government Lawyers Intellectual Property Lawyers Topics covered include: Application and enforceability of electronic transactions Defining key terms, including 'writing,' 'signature,' and 'original' documents Legal recognition of data messages Formation of contracts Attribution of data messages Retention of data messages Trustworthiness of e-signature Electronic Commerce Analyzes the global impact of: UNCITRAL's Uniform Rules on Electronic Signatures Model Law on Electronic Commerce 1996 Model Law on Electronic Signatures 2001</subfield>
  </datafield>
  <datafield tag="650" ind1=" " ind2="4">
   <subfield code="a">1. E-Commerce - Law and Legislation</subfield>
  </datafield>
  <datafield tag="650" ind1=" " ind2="4">
   <subfield code="a">2. Digital Signatures - Law</subfield>
  </datafield>
  <datafield tag="700" ind1="0" ind2=" ">
   <subfield code="a">Edited by Dennis Campbell</subfield>
  </datafield>
  <datafield tag="990" ind1=" " ind2=" ">
   <subfield code="a">07092/MKRI-P/XII-2007</subfield>
  </datafield>
  <datafield tag="990" ind1=" " ind2=" ">
   <subfield code="a">05860/MKRI-P/IX-2008</subfield>
  </datafield>
  <datafield tag="990" ind1=" " ind2=" ">
   <subfield code="a">05860/MKRI-P/IX-2008</subfield>
  </datafield>
  <datafield tag="990" ind1=" " ind2=" ">
   <subfield code="a">07092/MKRI-P/XII-2007</subfield>
  </datafield>
 </record>
</collection>
